[Event "Barcelona Vila de Gracia op 23rd"]
[Site "Barcelona"]
[Date "2019.12.13"]
[Round "8"]
[White "De Azua Arpi, Rafael"]
[Black "Fernandez Martin, Luis"]
[Result "1-0"]
[WhiteElo "1933"]
[BlackElo "2009"]
[PlyCount "127"]
[EventDate "2019.10.11"]
[EventType "swiss"]
[EventRounds "9"]
[EventCountry "ESP"]
[SourceTitle "CBM 194 Extra"]
[Source "ChessBase"]
[SourceDate "2020.03.31"]
[SourceVersion "1"]
[SourceVersionDate "2020.03.31"]
[SourceQuality "1"]

1. d4 Nf6 2. c4 g6 3. Nc3 Bg7 4. e4 d6 5. Nf3 0-0 6. Be2 c5 7. 0-0 cxd4 8. Nxd4 Nc6 9. Be3 Bd7 10. Rc1 a6 11. f3 Rc8 12. Qd2 Nxd4 13. Bxd4 Bc6 14. Nd5 Bxd5 15. cxd5 Nd7 16. Bxg7 Kxg7 17. Kh1 Qb6 18. Rc3 Qb4 19. a3 Qb6 20. Rfc1 Rxc3 21. Qxc3+ Kg8 22. b4 Nf6 23. Qc7 Qe3 24. Re1 Qxa3 25. Qxb7 Qc3 26. Rf1 a5 27. bxa5 Qxa5 28. Qxe7 Qd8 29. Qa7 Qb8 30. Qd4 Nd7 31. f4 Re8 32. Bg4 Qb6 33. Qa4 Nf6 34. Bf3 h5 35. Re1 Rc8 36. e5 dxe5 37. fxe5 Ng4 38. Bxg4 hxg4 39. Qxg4 Rc2 40. e6 Qf2 41. exf7+ Qxf7 42. h3 Rd2 43. Re6 Rxd5 44. Qxg6+ Qxg6 45. Rxg6+ Kh7 46. Ra6 Rd2 47. Kh2 Kg7 48. Kg3 Rd3+ 49. Kh4 Rd4+ 50. g4 Kh7 51. Kh5 Rd5+ 52. g5 Rd3 53. Ra7+ Kg8 54. h4 Rd6 55. g6 Rd8 56. Kh6 Kh8 57. Rc7 Kg8 58. Kh5 Kh8 59. Kg5 Kg8 60. Kf6 Rd2 61. Re7 Rf2+ 62. Kg5 Rg2+ 63. Kh6 Kf8 64. Rb7 1-0

[Event "Barcelona 150 aniversity 1"]
[Site "Barcelona"]
[Date "2019.06.14"]
[Round "8.1"]
[White "De Azua Arpi, Rafael"]
[Black "Molano Lafuente, Ismael"]
[Result "1/2-1/2"]
[WhiteElo "1942"]
[BlackElo "1949"]
[PlyCount "94"]
[EventDate "2019.04.26"]
[EventType "swiss"]
[EventRounds "9"]
[EventCountry "ESP"]
[SourceTitle "EXT 2024"]
[Source "ChessBase"]
[SourceDate "2023.10.10"]
[SourceVersion "1"]
[SourceVersionDate "2023.10.10"]
[SourceQuality "1"]

1. d4 d6 2. e4 Nf6 3. Nc3 e5 4. Nf3 Nc6 5. Be2 Bg4 6. Be3 Bxf3 7. Bxf3 Be7 8. d5 Nb8 9. Ne2 0-0 10. 0-0 Ne8 11. Ng3 g6 12. Bh6 Ng7 13. c4 a5 14. Qd2 Nd7 15. Be2 b6 16. a4 Nc5 17. Ra3 Bh4 18. Qc2 Bg5 19. Bxg5 Qxg5 20. Bf3 f5 21. Re1 Rf7 22. Qe2 fxe4 23. Nxe4 Nxe4 24. Bxe4 Nf5 25. Bxf5 Rxf5 26. Rg3 Qf6 27. Rf1 Rf8 28. Re3 Rf4 29. b3 Qf5 30. g3 Rf3 31. Kg2 Rxe3 32. Qxe3 g5 33. f3 Kg7 34. Rf2 h6 35. Qe4 Kg6 36. Re2 h5 37. h3 Kg7 38. Qxf5 Rxf5 39. Re4 Kf7 40. h4 gxh4 41. Rxh4 Kg6 42. g4 hxg4 43. Rxg4+ Kf7 44. Kf2 Rh5 45. Kg2 Ke7 46. Rg7+ Kd8 47. Rg8+ Kd7 1/2-1/2

[Event "Barcelona Tres Peons-A 20th"]
[Site "Barcelona"]
[Date "2018.02.14"]
[Round "6.12"]
[White "De Azua Arpi, Rafael"]
[Black "Vargas Drechsler, Carlos"]
[Result "1-0"]
[WhiteElo "1893"]
[BlackElo "1961"]
[PlyCount "50"]
[EventDate "2018.01.10"]
[EventType "swiss"]
[EventRounds "9"]
[EventCountry "ESP"]
[SourceTitle "EXT 2024"]
[Source "ChessBase"]
[SourceDate "2023.10.10"]
[SourceVersion "1"]
[SourceVersionDate "2023.10.10"]
[SourceQuality "1"]

1. d4 d5 2. c4 e6 3. Nf3 Nf6 4. Nc3 c6 5. g3 dxc4 6. Bg2 Bb4 7. Ne5 Nd5 8. Qc2 b5 9. 0-0 Bb7 10. a3 Bd6 11. Ne4 Be7 12. b3 cxb3 13. Qxb3 Nd7 14. Bb2 0-0 15. Rac1 Rc8 16. Rfd1 f5 17. Nc5 Bxc5 18. dxc5 N7f6 19. Nd3 Qe8 20. Be5 Qh5 21. Bd4 Rfe8 22. e3 Ne4 23. Bxe4 fxe4 24. Nf4 Qf3 25. Qb2 Rcd8 1-0

[Event "Barcelona Tres Peons-A 20th"]
[Site "Barcelona"]
[Date "2018.02.07"]
[Round "5.7"]
[White "Comellas Blanchart, Jordi"]
[Black "De Azua Arpi, Rafael"]
[Result "1-0"]
[WhiteElo "2149"]
[BlackElo "1893"]
[PlyCount "69"]
[EventDate "2018.01.10"]
[EventType "swiss"]
[EventRounds "9"]
[EventCountry "ESP"]
[SourceTitle "EXT 2024"]
[Source "ChessBase"]
[SourceDate "2023.10.10"]
[SourceVersion "1"]
[SourceVersionDate "2023.10.10"]
[SourceQuality "1"]

1. d4 Nf6 2. c4 e6 3. g3 d5 4. Nf3 dxc4 5. Bg2 Be7 6. 0-0 0-0 7. Qc2 a6 8. a4 Bd7 9. Qxc4 Bc6 10. Bf4 a5 11. Nc3 Na6 12. Rfd1 Nb4 13. Rac1 h6 14. Nb5 Bd6 15. Ne5 Bd5 16. Bxd5 Nbxd5 17. Bd2 c6 18. Nxd6 Qxd6 19. Qb3 Ra7 20. Qf3 Nb4 21. Bxh6 Nbd5 22. Bd2 Nd7 23. Nc4 Qc7 24. e4 Nb4 25. Qb3 Nf6 26. Nxa5 Qxa5 27. Bxb4 Qh5 28. Bxf8 Qh3 29. Ba3 Ng4 30. Qf3 Qxh2+ 31. Kf1 Qh5 32. Ke2 Rxa4 33. Rc5 Qg6 34. Qf4 Nf6 35. Qb8+ 1-0

[Event "Barcelona Vila Gracia Seniors 55 op 4th"]
[Site "Barcelona"]
[Date "2017.05.08"]
[Round "8.3"]
[White "Vallbona Domingo, Joan"]
[Black "De Azua Arpi, Rafael"]
[Result "0-1"]
[WhiteElo "1891"]
[BlackElo "1936"]
[PlyCount "84"]
[EventDate "2017.03.06"]
[EventType "swiss"]
[EventRounds "9"]
[EventCountry "ESP"]
[SourceTitle "EXT 2024"]
[Source "ChessBase"]
[SourceDate "2023.10.10"]
[SourceVersion "1"]
[SourceVersionDate "2023.10.10"]
[SourceQuality "1"]

1. d4 Nf6 2. Bf4 d6 3. Nf3 g6 4. Nc3 Bg7 5. Qd2 h6 6. h3 c6 7. e4 b5 8. a3 a5 9. Bd3 Bb7 10. Qe3 Nbd7 11. Rd1 g5 12. Bh2 b4 13. Ne2 0-0 14. 0-0 c5 15. c3 c4 16. Bb1 b3 17. Nd2 Rc8 18. Nxc4 Rxc4 19. e5 Rc8 20. exf6 Nxf6 21. Ng3 e6 22. Rfe1 Qb6 23. Qd3 Rfe8 24. Qd2 a4 25. Ne4 Bxe4 26. Bxe4 Nxe4 27. Rxe4 f5 28. Re2 f4 29. Qd3 Kf7 30. h4 Qc6 31. h5 Qd5 32. Rde1 e5 33. Kf1 Re6 34. Qf5+ Kg8 35. f3 Rce8 36. Qe4 Qxe4 37. Rxe4 d5 38. R4e2 Kf7 39. dxe5 Rxe5 40. Bg1 Rxe2 41. Rxe2 Rxe2 42. Kxe2 Bxc3 0-1

[Event "Barcelona Vila Gracia Seniors 55 op 4th"]
[Site "Barcelona"]
[Date "2017.04.24"]
[Round "7.5"]
[White "De Azua Arpi, Rafael"]
[Black "Monedero Gonzalez, Josep"]
[Result "1-0"]
[WhiteElo "1936"]
[BlackElo "1987"]
[PlyCount "76"]
[EventDate "2017.03.06"]
[EventType "swiss"]
[EventRounds "9"]
[EventCountry "ESP"]
[SourceTitle "EXT 2024"]
[Source "ChessBase"]
[SourceDate "2023.10.10"]
[SourceVersion "1"]
[SourceVersionDate "2023.10.10"]
[SourceQuality "1"]

1. d4 Nf6 2. Nf3 g6 3. g3 Bg7 4. Bg2 d5 5. 0-0 c6 6. Nbd2 0-0 7. Ne5 Bf5 8. e3 Qb6 9. Ndf3 Nfd7 10. Nd3 f6 11. Nh4 Be6 12. Re1 g5 13. Nf3 Bf5 14. h4 h6 15. b3 Na6 16. Ba3 Rfe8 17. hxg5 hxg5 18. Nd2 Bg6 19. e4 e6 20. Bf3 Qc7 21. Bh5 Bxh5 22. Qxh5 Nf8 23. e5 Qf7 24. Qxf7+ Kxf7 25. exf6 Bxf6 26. Ne5+ Bxe5 27. Rxe5 Nh7 28. Kg2 Rg8 29. Rh1 Rg7 30. Rh6 Nf6 31. Nf3 Ng4 32. Rhxe6 Nxe5 33. Rxe5 g4 34. Nh4 Re8 35. Nf5 Rxe5 36. dxe5 Rh7 37. Ne3 Rg7 38. Bd6 Ke6 1-0

[Event "Costa Brava op 29th"]
[Site "Costa Brava"]
[Date "2016.11.19"]
[Round "7"]
[White "Parals Marce, Luis"]
[Black "De Azua Arpi, Rafael"]
[Result "1-0"]
[WhiteElo "2075"]
[BlackElo "1940"]
[PlyCount "108"]
[EventDate "2016.09.24"]
[EventType "swiss"]
[EventRounds "9"]
[EventCountry "ESP"]
[SourceTitle "EXT 2018"]
[Source "ChessBase"]
[SourceDate "2017.10.13"]
[SourceVersion "1"]
[SourceVersionDate "2017.10.13"]
[SourceQuality "1"]

1. d4 Nf6 2. Bf4 d5 3. e3 e6 4. Nf3 Bd6 5. Nc3 Bxf4 6. exf4 0-0 7. h4 c5 8. h5 cxd4 9. Nxd4 Nc6 10. Nxc6 bxc6 11. h6 g6 12. Qd4 Ne8 13. 0-0-0 Qb6 14. Na4 Qxd4 15. Rxd4 Nd6 16. Nc5 Nb7 17. Nxb7 Bxb7 18. Rh3 a5 19. Rb3 Ra7 20. Rb6 c5 21. Ra4 Rfa8 22. Bb5 Kf8 23. Rd6 Ke7 24. Rd7+ Kf8 25. g4 Bc8 26. Rd8+ Ke7 27. Re8+ Kd6 28. Kd2 Bd7 29. Bxd7 Kxd7 30. Rxa8 Rxa8 31. c3 Kc6 32. b3 Kb5 33. c4+ Kc6 34. cxd5+ exd5 35. f5 g5 36. f4 f6 37. fxg5 fxg5 38. f6 Kb5 39. Ra3 Kb4 40. Ra4+ Kb5 41. Ra3 Rf8 42. b4 axb4 43. Rf3 Kc6 44. Rf5 Kd6 45. Ke3 Ke6 46. f7 Rxf7 47. Rxg5 Rf6 48. Rh5 Rg6 49. Kf4 Kf6 50. g5+ Ke6 51. Rh1 c4 52. Re1+ Kd6 53. Kf5 Rg8 54. Re6+ Kd7 1-0

[Event "Costa Brava op 29th"]
[Site "Costa Brava"]
[Date "2016.10.22"]
[Round "4"]
[White "Morales Dalmau, Jordi"]
[Black "De Azua Arpi, Rafael"]
[Result "1-0"]
[WhiteElo "2003"]
[BlackElo "1940"]
[PlyCount "127"]
[EventDate "2016.09.24"]
[EventType "swiss"]
[EventRounds "9"]
[EventCountry "ESP"]
[SourceTitle "EXT 2018"]
[Source "ChessBase"]
[SourceDate "2017.10.13"]
[SourceVersion "1"]
[SourceVersionDate "2017.10.13"]
[SourceQuality "1"]

1. d4 d5 2. c4 c6 3. Nf3 e6 4. Nc3 f5 5. Bf4 Nf6 6. e3 Be7 7. Bd3 0-0 8. 0-0 Nbd7 9. cxd5 exd5 10. Bxf5 Nb6 11. Qc2 Nc4 12. Bd3 Nd6 13. h3 Qe8 14. Rfe1 Qh5 15. Qe2 Bf5 16. Ne5 Bxd3 17. Qxh5 Nxh5 18. Nxd3 Rad8 19. Rac1 Nf6 20. Nc5 Rf7 21. Be5 Nc4 22. Nd3 Rdf8 23. Bh2 Ne4 24. Nxe4 dxe4 25. Rxc4 exd3 26. Bg3 h5 27. f3 Rf5 28. Rd1 h4 29. Be5 Rd8 30. f4 Bd6 31. Bxd6 Rxd6 32. b4 Rg6 33. Rxd3 Rg3 34. Rcc3 Rf6 35. e4 Rxf4 36. Rxg3 hxg3 37. Re3 Rf2 38. a3 Rd2 39. Rxg3 Rxd4 40. Re3 Kf7 41. Kf2 a5 42. bxa5 Ke6 43. Rb3 Rxe4 44. Rxb7 Ra4 45. Rc7 Kd5 46. Rxg7 Rxa5 47. Rg3 c5 48. Rd3+ Ke5 49. h4 c4 50. Rg3 Kd4 51. Ke2 Rh5 52. Rh3 c3 53. Kd1 Ra5 54. h5 Rxa3 55. h6 Ra1+ 56. Kc2 Ra2+ 57. Kb1 Rb2+ 58. Kc1 Rxg2 59. h7 Rg1+ 60. Kc2 Rg2+ 61. Kb3 Rb2+ 62. Ka3 Rb8 63. h8Q+ Rxh8 64. Rxh8 1-0

[Event "Barcelona Vila Gracia Seniors 55 op 3rd"]
[Site "Barcelona"]
[Date "2016.04.18"]
[Round "5.2"]
[White "Mas Recorda, Pere"]
[Black "De Azua Arpi, Rafael"]
[Result "1/2-1/2"]
[WhiteElo "2026"]
[BlackElo "1920"]
[PlyCount "43"]
[EventDate "2016.03.07"]
[EventType "swiss"]
[EventRounds "8"]
[EventCountry "ESP"]
[SourceTitle "EXT 2024"]
[Source "ChessBase"]
[SourceDate "2023.10.10"]
[SourceVersion "1"]
[SourceVersionDate "2023.10.10"]
[SourceQuality "1"]

1. f4 d5 2. e3 g6 3. Nf3 Bg7 4. d4 Nf6 5. Bd3 b6 6. Nbd2 Ba6 7. Qe2 Bxd3 8. Qxd3 0-0 9. 0-0 Nbd7 10. Ne5 c5 11. c3 Qc7 12. Ndf3 c4 13. Qe2 Ne4 14. Nxd7 Qxd7 15. Ne5 Bxe5 16. fxe5 f6 17. exf6 exf6 18. Bd2 Rae8 19. Rae1 Qa4 20. a3 Qc2 21. Bc1 Qa4 22. Rf4 1/2-1/2

[Event "Barcelona Tres Peons-B 45th"]
[Site "Barcelona"]
[Date "2016.04.15"]
[Round "1.4"]
[White "Bernat, Ernest"]
[Black "De Azua Arpi, Rafael"]
[Result "1-0"]
[WhiteElo "1958"]
[BlackElo "1920"]
[PlyCount "129"]
[EventDate "2016.04.15"]
[EventType "swiss"]
[EventRounds "9"]
[EventCountry "ESP"]
[SourceTitle "EXT 2024"]
[Source "ChessBase"]
[SourceDate "2023.10.10"]
[SourceVersion "1"]
[SourceVersionDate "2023.10.10"]
[SourceQuality "1"]

1. e4 e6 2. Nf3 d5 3. exd5 exd5 4. d4 Nf6 5. Bd3 Bd6 6. Qe2+ Qe7 7. Qxe7+ Bxe7 8. h3 h6 9. Bf4 c6 10. 0-0 Be6 11. Nbd2 0-0 12. Rfe1 Re8 13. Re2 Nbd7 14. Rae1 Bf8 15. Bh2 b6 16. c3 b5 17. Ne5 Nxe5 18. Bxe5 Nd7 19. Bg3 Nf6 20. Nf3 a6 21. Ne5 c5 22. dxc5 Bxc5 23. Nf3 Bd7 24. Be5 Nh7 25. Bd4 Rxe2 26. Rxe2 Bxd4 27. Nxd4 Nf6 28. a3 g6 29. Re5 Re8 30. Rxe8+ Nxe8 31. f3 Nd6 32. Kf2 Kg7 33. Ke3 f6 34. g4 Kf7 35. Ne2 Bc6 36. b3 g5 37. Nd4 Bd7 38. Nc2 Bc6 39. Nb4 Bb7 40. Kd4 Ke6 41. Bh7 f5 42. Bg8+ Kf6 43. Bxd5 fxg4 44. hxg4 Bc8 45. Nd3 Ne8 46. Nf2 Nc7 47. Ne4+ Ke7 48. Nc5 Kd6 49. c4 a5 50. Ne4+ Ke7 51. Kc5 Bd7 52. Kb6 a4 53. Kxc7 axb3 54. cxb5 b2 55. Nd2 Bxb5 56. Ba2 Kf6 57. Kd6 Bd3 58. a4 Ba6 59. a5 Kg7 60. Bb1 Bb7 61. Kc7 Ba8 62. a6 Kf6 63. a7 Ke6 64. Be4 Bxe4 65. fxe4 1-0

[Event "Barcelona Sant Marti op-A 17th"]
[Site "Barcelona"]
[Date "2015.07.16"]
[Round "4"]
[White "Aguilar, Andres"]
[Black "De Azua Arpi, Rafael"]
[Result "1-0"]
[WhiteElo "2224"]
[BlackElo "1916"]
[PlyCount "35"]
[EventDate "2015.07.13"]
[EventType "swiss"]
[EventRounds "9"]
[EventCountry "ESP"]
[SourceTitle "CBM 167 Extra"]
[Source "ChessBase"]
[SourceDate "2015.09.14"]
[SourceVersion "1"]
[SourceVersionDate "2015.09.14"]
[SourceQuality "1"]

1. c4 e5 2. Nc3 Nf6 3. Nf3 Nc6 4. e3 Bb4 5. Qc2 0-0 6. Nd5 Be7 7. a3 d6 8. b4 e4 9. Nxe7+ Qxe7 10. b5 exf3 11. bxc6 bxc6 12. gxf3 c5 13. Bb2 Bb7 14. Rg1 g6 15. Qc3 Kg7 16. Rg4 Rfe8 17. Rf4 Qe5 18. Rxf6 1-0

[Event "Barcelona Sant Marti op-A 17th"]
[Site "Barcelona"]
[Date "2015.07.13"]
[Round "1"]
[White "De Azua Arpi, Rafael"]
[Black "Pogorelov, Ruslan"]
[Result "0-1"]
[WhiteElo "1916"]
[BlackElo "2301"]
[PlyCount "82"]
[EventDate "2015.07.13"]
[EventType "swiss"]
[EventRounds "9"]
[EventCountry "ESP"]
[SourceTitle "CBM 167 Extra"]
[Source "ChessBase"]
[SourceDate "2015.09.14"]
[SourceVersion "1"]
[SourceVersionDate "2015.09.14"]
[SourceQuality "1"]

1. d4 Nf6 2. c4 e6 3. Nc3 Bb4 4. Qc2 c5 5. dxc5 0-0 6. Nf3 Na6 7. a3 Bxc3+ 8. Qxc3 Nxc5 9. Bg5 b6 10. Bxf6 Qxf6 11. Qxf6 gxf6 12. g3 a5 13. Bg2 Bb7 14. 0-0 a4 15. Rfd1 Nb3 16. Rab1 Be4 17. Ne1 Bxb1 18. Bxa8 Rxa8 19. Rxb1 Rc8 20. Rd1 Rxc4 21. Rxd7 Rc1 22. Kf1 Rb1 23. f3 b5 24. Kf2 Rxb2 25. Nd3 Ra2 26. Nf4 f5 27. h4 Kf8 28. Nd3 Ke8 29. Rb7 Nd4 30. Ke3 Nc2+ 31. Kf4 Nxa3 32. Kg5 Rxe2 33. Kf6 Nc4 34. Nc5 Kd8 35. Rxb5 a3 36. Rb7 Re3 37. Rd7+ Kc8 38. Ke7 Ne5 39. Rd8+ Kc7 40. Ra8 Rxf3 41. Na4 Kb7 0-1

[Event "Barcelona Seniors 55 op 2nd"]
[Site "Barcelona"]
[Date "2015.04.20"]
[Round "5"]
[White "De Azua Arpi, Rafael"]
[Black "Tortosa Moros, Joan"]
[Result "1-0"]
[WhiteElo "2067"]
[BlackElo "1919"]
[PlyCount "95"]
[EventDate "2015.03.16"]
[EventType "swiss"]
[EventRounds "8"]
[EventCountry "ESP"]
[SourceTitle "EXT 2016"]
[Source "ChessBase"]
[SourceDate "2015.10.08"]
[SourceVersion "1"]
[SourceVersionDate "2015.10.08"]
[SourceQuality "1"]

1. d4 Nf6 2. c4 e6 3. g3 Bb4+ 4. Nd2 c5 5. dxc5 Bxc5 6. Ngf3 Nc6 7. Bg2 0-0 8. 0-0 d5 9. Nb3 Be7 10. Qc2 Nb4 11. Qb1 dxc4 12. Nbd4 e5 13. Nf5 Bxf5 14. Qxf5 e4 15. Ng5 g6 16. Qb5 Nc2 17. Rb1 Qd4 18. Qa4 Nb4 19. Rd1 Qe5 20. Bf4 Qf5 21. Bh3 Ng4 22. Nxe4 Qxe4 23. Bxg4 Rad8 24. Bf3 Qc2 25. Qxc2 Nxc2 26. Bxb7 Nd4 27. Kf1 Ne6 28. Be5 f6 29. Bc3 Nc7 30. Ba5 Rxd1+ 31. Rxd1 Rb8 32. Bf3 Ne8 33. Bd5+ Kf8 34. Bxc4 Rxb2 35. Bb3 f5 36. Bc3 Bf6 37. Bxb2 Bxb2 38. Rd7 Nf6 39. Rxa7 Bd4 40. Rb7 h5 41. e3 Bc3 42. Rc7 Ne4 43. Ke2 Be5 44. Rc6 Nc3+ 45. Kd3 Ne4 46. f3 Nf2+ 47. Ke2 Nh3 48. Rxg6 1-0

[Event "Palafrugell Gelpi Memorial 28th"]
[Site "Palafrugell"]
[Date "2015.??.??"]
[Round "5"]
[White "De Azua Arpi, Rafael"]
[Black "Bou Janoher, Ernest"]
[Result "1-0"]
[WhiteElo "2061"]
[BlackElo "1872"]
[PlyCount "87"]
[EventDate "2015.09.26"]
[EventType "swiss"]
[EventRounds "9"]
[EventCountry "ESP"]
[SourceTitle "EXT 2017"]
[Source "ChessBase"]
[SourceDate "2016.10.25"]
[SourceVersion "1"]
[SourceVersionDate "2016.10.25"]
[SourceQuality "1"]

1. d4 d5 2. Nf3 Bf5 3. c4 e6 4. Nc3 c6 5. cxd5 exd5 6. Bf4 Bd6 7. Bxd6 Qxd6 8. Qb3 Bc8 9. Rc1 Ne7 10. e3 0-0 11. Bd3 Nd7 12. 0-0 Nf6 13. Rfe1 b5 14. Ne5 a5 15. Qc2 Bb7 16. Qe2 g6 17. f4 Rfc8 18. g4 a4 19. Qg2 b4 20. Ne2 c5 21. Ng3 Rab8 22. g5 Ne8 23. Bb5 Rc7 24. Bxa4 c4 25. Bxe8 Rxe8 26. Ng4 Kg7 27. Nf6 Rh8 28. Ng4 Bc8 29. Nf6 Ra7 30. Ra1 Nf5 31. Qxd5 Qxd5 32. Nxd5 Rb7 33. Nxf5+ gxf5 34. Rec1 Be6 35. Nf6 h6 36. d5 hxg5 37. fxg5 c3 38. bxc3 bxc3 39. Rab1 Ra7 40. Rc2 Bc8 41. Rbc1 Bb7 42. Rxc3 Rxa2 43. R3c2 Ra7 44. Rb2 1-0

[Event "Palafrugell Gelpi Memorial 28th"]
[Site "Palafrugell"]
[Date "2015.??.??"]
[Round "7"]
[White "De Azua Arpi, Rafael"]
[Black "Vidal Zamora, Alex"]
[Result "0-1"]
[WhiteElo "2061"]
[BlackElo "2422"]
[PlyCount "42"]
[EventDate "2015.09.26"]
[EventType "swiss"]
[EventRounds "9"]
[EventCountry "ESP"]
[SourceTitle "EXT 2017"]
[Source "ChessBase"]
[SourceDate "2016.10.25"]
[SourceVersion "1"]
[SourceVersionDate "2016.10.25"]
[SourceQuality "1"]

1. d4 Nf6 2. c4 e6 3. Nc3 Bb4 4. Qc2 c5 5. dxc5 Bxc5 6. Nf3 Nc6 7. a3 0-0 8. g3 d5 9. b4 Nd4 10. Qb2 Nxf3+ 11. exf3 Bd4 12. c5 Ne4 13. fxe4 Qf6 14. Kd2 Qf3 15. Qc2 Qxh1 16. Be2 Qxh2 17. Bb2 Bxf2 18. Nd1 d4 19. Nxf2 Qxf2 20. Re1 e5 21. Kd1 Be6 0-1

[Event "Girona Territorial-ch"]
[Site "Girona"]
[Date "2013.11.10"]
[Round "6"]
[White "De Azua Arpi, Rafael"]
[Black "Salleras Mercader, Josep M"]
[Result "1-0"]
[WhiteElo "1923"]
[BlackElo "1455"]
[PlyCount "86"]
[EventDate "2013.09.22"]
[EventType "swiss"]
[EventRounds "9"]
[EventCountry "ESP"]
[SourceTitle "EXT 2015"]
[Source "ChessBase"]
[SourceDate "2014.11.20"]
[SourceVersion "1"]
[SourceVersionDate "2014.11.20"]
[SourceQuality "1"]

1. d4 e6 2. c4 d5 3. Nc3 c5 4. e3 Nf6 5. Nf3 Be7 6. cxd5 exd5 7. Bb5+ Bd7 8. Be2 Bf5 9. 0-0 0-0 10. dxc5 Bxc5 11. Nd4 Bg6 12. Qb3 Nc6 13. Rd1 Nb4 14. a3 Bxd4 15. Qxb4 Bxc3 16. Qxc3 Rc8 17. Qd4 Rc2 18. Bd3 Bxd3 19. Qxd3 Qc7 20. Bd2 Rxb2 21. Rac1 Qd7 22. Bc3 Rb3 23. Qc2 Rb6 24. Bd4 Rc6 25. Qb2 Rxc1 26. Rxc1 Rc8 27. Rxc8+ Qxc8 28. Bxa7 Qg4 29. f3 Qa4 30. Bd4 Qc6 31. Kf2 h6 32. Bxf6 gxf6 33. Qd4 Qc2+ 34. Kg3 Qg6+ 35. Kh3 Qh5+ 36. Qh4 Qxh4+ 37. Kxh4 Kg7 38. Kg4 Kg6 39. Kf4 b5 40. g3 h5 41. h4 f5 42. Ke5 f6+ 43. Kxd5 Kf7 1-0

[Event "Barcelona Sant Marti op-A 15th"]
[Site "Barcelona"]
[Date "2013.07.19"]
[Round "7"]
[White "De Azua Arpi, Rafael"]
[Black "Tarrago Domingo, Miguel"]
[Result "0-1"]
[WhiteElo "1943"]
[BlackElo "2034"]
[PlyCount "114"]
[EventDate "2013.07.13"]
[EventType "swiss"]
[EventRounds "9"]
[EventCountry "ESP"]
[SourceTitle "CBM 155 Extra"]
[Source "ChessBase"]
[SourceDate "2013.08.26"]
[SourceVersion "1"]
[SourceVersionDate "2013.08.26"]
[SourceQuality "1"]

1. d4 d5 2. c4 c6 3. Nc3 Nf6 4. Bg5 dxc4 5. a4 Qa5 6. Bxf6 exf6 7. e4 Bb4 8. Rc1 Be6 9. Nge2 Nd7 10. g3 Nb6 11. Bg2 Nxa4 12. Qc2 Nxc3 13. bxc3 Bd6 14. 0-0 0-0 15. Rb1 Qc7 16. f4 a5 17. f5 Bd7 18. Nf4 Bxf4 19. Rxf4 a4 20. Qd2 a3 21. Rg4 Kh8 22. Rh4 a2 23. Ra1 Qb6 24. Qe1 Qb2 25. Rf4 Ra3 26. Rf3 Rb3 27. g4 Qxa1 28. Qxa1 Rb1+ 29. Rf1 Rxa1 30. Rxa1 Ra8 31. Kf2 Kg8 32. Ke2 Kf8 33. Kd2 Ke7 34. Bf1 b5 35. Kc2 Ra3 36. Kb2 Rb3+ 37. Kc2 Rb1 38. Rxb1 axb1Q+ 39. Kxb1 Kd6 40. Kb2 c5 41. Ka3 Kc6 42. Be2 Kb6 43. Kb2 Bc6 44. d5 Bd7 45. Kc2 Kc7 46. Kd2 Kd6 47. Ke3 Ke5 48. Bd1 b4 49. Bc2 b3 50. Bb1 Ba4 51. h3 h6 52. Kf3 b2 53. Ke3 Bd1 54. Kf2 h5 55. Kg3 hxg4 56. hxg4 Be2 57. Kh4 Bd3 0-1

[Event "Barcelona Sant Marti op-A 15th"]
[Site "Barcelona"]
[Date "2013.07.15"]
[Round "3"]
[White "De Azua Arpi, Rafael"]
[Black "Sorm, Daniel"]
[Result "0-1"]
[WhiteElo "1943"]
[BlackElo "2304"]
[PlyCount "86"]
[EventDate "2013.07.13"]
[EventType "swiss"]
[EventRounds "9"]
[EventCountry "ESP"]
[SourceTitle "CBM 155 Extra"]
[Source "ChessBase"]
[SourceDate "2013.08.26"]
[SourceVersion "1"]
[SourceVersionDate "2013.08.26"]
[SourceQuality "1"]

1. d4 Nf6 2. c4 Nc6 3. Nf3 e6 4. g3 Bb4+ 5. Bd2 Qe7 6. a3 Bxd2+ 7. Nbxd2 d6 8. Bg2 e5 9. d5 Nb8 10. Qc2 e4 11. Nd4 e3 12. fxe3 Qxe3 13. Qd3 Qe7 14. 0-0 0-0 15. Nf5 Bxf5 16. Rxf5 Nbd7 17. Raf1 Rae8 18. e4 Ng4 19. b4 Nge5 20. Qe2 a5 21. Nb3 axb4 22. axb4 Ra8 23. Nd4 g6 24. R5f4 Ra4 25. Rb1 Nb6 26. Bf1 Nexc4 27. Qg4 h5 28. Qh3 Nd2 29. Rd1 Nxe4 30. Re1 Ng5 31. Rxe7 Nxh3+ 32. Bxh3 Nxd5 33. Rexf7 Rxf7 34. Rxf7 Kxf7 35. Be6+ Kf6 36. Bxd5 Ke5 37. Ne2 Kxd5 38. Nc3+ Kc4 39. Nxa4 Kb3 40. Nc5+ dxc5 41. bxc5 Kc4 42. Kf2 Kxc5 43. Kf3 Kd5 0-1